Xác suất thống kê Giáo trình đào tạo giáo viên Trung học cơ sở hệ cao đẳng sư phạm
Đã lưu trong:
| Hovedforfatter: | |
|---|---|
| Format: | Bog |
| Sprog: | Undetermined |
| Udgivet: |
H.
Giáo dục
1998
|
| Fag: | |
| Online adgang: | http://lrc.tdmu.edu.vn/opac/search/detail.asp?aID=2&ID=6166 |
| Tags: |
Tilføj Tag
Ingen Tags, Vær først til at tagge denne postø!
|
| Thư viện lưu trữ: | Trung tâm Học liệu Trường Đại học Thủ Dầu Một |
|---|
| LEADER | 00716nam a2200205Ia 4500 | ||
|---|---|---|---|
| 001 | TDMU_6166 | ||
| 008 | 210410s9999 xx 000 0 und d | ||
| 082 | |a 519.2 | ||
| 090 | |b PH104 | ||
| 100 | |a Phạm, Văn Kiều | ||
| 245 | 0 | |a Xác suất thống kê | |
| 245 | 0 | |b Giáo trình đào tạo giáo viên Trung học cơ sở hệ cao đẳng sư phạm | |
| 245 | 0 | |c Phạm Văn Kiều | |
| 260 | |a H. | ||
| 260 | |b Giáo dục | ||
| 260 | |c 1998 | ||
| 300 | |a 247tr | ||
| 650 | |a Xác suất thống kê; Toán học thống kê | ||
| 856 | |u http://lrc.tdmu.edu.vn/opac/search/detail.asp?aID=2&ID=6166 | ||
| 980 | |a Trung tâm Học liệu Trường Đại học Thủ Dầu Một | ||